[Event "Berlin Cup KO"]
[Site "Berlin"]
[Date "2019.08.29"]
[Round "1.7"]
[White "Miersch, Marco"]
[Black "Lenhardt, Manfred"]
[Result "1-0"]
[WhiteElo "2092"]
[BlackElo "2020"]
[PlyCount "57"]
[EventDate "2019.08.29"]
[EventType "k.o."]
[EventRounds "4"]
[EventCountry "GER"]
[SourceTitle "EXT 2021"]
[Source "ChessBase"]
[SourceDate "2020.10.23"]
[SourceVersion "1"]
[SourceVersionDate "2020.10.23"]
[SourceQuality "1"]

1. e4 g6 2. d4 Bg7 3. Bc4 c6 4. Nc3 d5 5. exd5 b5 6. Bb3 b4 7. Nce2 cxd5 8. a3 bxa3 9. Rxa3 Nf6 10. Nf3 0-0 11. Ne5 Qb6 12. 0-0 Ba6 13. Bg5 e6 14. Re1 Nbd7 15. Nc3 Nxe5 16. dxe5 Nd7 17. Be3 Qb7 18. Bd4 Rfc8 19. Nxd5 exd5 20. e6 Nc5 21. exf7+ Qxf7 22. Bxc5 Rxc5 23. Rxa6 Rf8 24. f3 Bxb2 25. Rd6 Kh8 26. Bxd5 Qf5 27. Rd7 Ra8 28. Ree7 Bd4+ 29. Kh1 1-0

[Event "Berlin Lichtenberger op 14th"]
[Site "Berlin"]
[Date "2015.08.23"]
[Round "9"]
[White "Ferster, Fabian"]
[Black "Miersch, Marco"]
[Result "1-0"]
[WhiteElo "2142"]
[BlackElo "2137"]
[PlyCount "79"]
[EventDate "2015.08.15"]
[EventType "swiss"]
[EventRounds "9"]
[EventCountry "GER"]
[SourceTitle "EXT 2016"]
[Source "ChessBase"]
[SourceDate "2015.10.08"]
[SourceVersion "1"]
[SourceVersionDate "2015.10.08"]
[SourceQuality "1"]

1. e4 c5 2. Nf3 d6 3. d4 cxd4 4. Nxd4 Nf6 5. Nc3 a6 6. Bc4 e6 7. Bb3 Be7 8. g4 Nc6 9. g5 Nxd4 10. Qxd4 Nh5 11. Rg1 b5 12. Be3 0-0 13. 0-0-0 Qc7 14. Kb1 Rb8 15. f4 b4 16. Ne2 g6 17. Qd3 Bd7 18. Ng3 Nxg3 19. hxg3 Bb5 20. Qd2 Bc4 21. Rh1 f5 22. gxf6 Rxf6 23. g4 d5 24. exd5 exd5 25. Bxc4 dxc4 26. Qd5+ Rf7 27. Rxh7 Bf6 28. Rh6 Rd8 29. Rxg6+ Kh8 30. Qh5+ Rh7 31. Rxd8+ Qxd8 32. Rh6 Rxh6 33. Qxh6+ Kg8 34. Qg6+ Kh8 35. Qh5+ Kg8 36. g5 Qe7 37. gxf6 Qxe3 38. Qg6+ Kf8 39. Qg7+ Ke8 40. f7+ 1-0

[Event "Berlin Lichtenberger op 14th"]
[Site "Berlin"]
[Date "2015.08.18"]
[Round "4"]
[White "Miersch, Marco"]
[Black "Jacob, Karl"]
[Result "1-0"]
[WhiteElo "2137"]
[BlackElo "1784"]
[PlyCount "83"]
[EventDate "2015.08.15"]
[EventType "swiss"]
[EventRounds "9"]
[EventCountry "GER"]
[SourceTitle "EXT 2016"]
[Source "ChessBase"]
[SourceDate "2015.10.08"]
[SourceVersion "1"]
[SourceVersionDate "2015.10.08"]
[SourceQuality "1"]

1. e4 Nf6 2. e5 Nd5 3. d4 d6 4. c4 Nb6 5. f4 Bf5 6. Nf3 Nc6 7. d5 Nb4 8. Nd4 e6 9. Nxf5 exf5 10. a3 Na6 11. Nd2 dxe5 12. fxe5 Qh4+ 13. g3 Qd4 14. Qe2 Nc5 15. Nf3 Qe4 16. Qxe4 fxe4 17. Nd4 0-0-0 18. Bg5 Re8 19. Bh3+ Kb8 20. 0-0 Rxe5 21. Bf4 Re8 22. Nb5 Na6 23. d6 cxd6 24. Nxd6 Bxd6 25. Bxd6+ Ka8 26. c5 Nc4 27. Rxf7 Rd8 28. Be7 Rd2 29. Bg2 Ne5 30. Rxg7 Nf3+ 31. Bxf3 exf3 32. Rf1 Rxb2 33. Rxf3 Nb8 34. Bd6 a6 35. Bc7 h5 36. Rgf7 Rc8 37. Bb6 h4 38. Rf8 Rc6 39. g4 Ra2 40. Rh8 a5 41. Rff8 h3 42. Rxb8# 1-0

[Event "Berlin Lichtenberger op 14th"]
[Site "Berlin"]
[Date "2015.08.17"]
[Round "3"]
[White "Bazarov, Konstantin"]
[Black "Miersch, Marco"]
[Result "1-0"]
[WhiteElo "2321"]
[BlackElo "2137"]
[PlyCount "91"]
[EventDate "2015.08.15"]
[EventType "swiss"]
[EventRounds "9"]
[EventCountry "GER"]
[SourceTitle "EXT 2016"]
[Source "ChessBase"]
[SourceDate "2015.10.08"]
[SourceVersion "1"]
[SourceVersionDate "2015.10.08"]
[SourceQuality "1"]

1. d4 Nf6 2. c4 d6 3. Nc3 g6 4. e4 Bg7 5. Bd3 e5 6. d5 Na6 7. Nge2 Nc5 8. Bc2 a5 9. 0-0 0-0 10. Rb1 c6 11. a3 cxd5 12. cxd5 Bd7 13. b4 axb4 14. axb4 Na6 15. h3 Rc8 16. Be3 Nh5 17. Ba4 f5 18. f3 Nf6 19. Qd3 fxe4 20. fxe4 Nh5 21. Rxf8+ Bxf8 22. Bxd7 Qxd7 23. Nb5 Bg7 24. Na3 h6 25. Qb3 Kh7 26. Nc4 Rd8 27. b5 Nc5 28. Bxc5 dxc5 29. Qe3 g5 30. Ng3 Nf4 31. Rb2 g4 32. h4 h5 33. b6 Bh6 34. Qb3 Qe7 35. Nf5 Qf6 36. g3 Nxd5 37. Ncd6 Ne3 38. Re2 Nxf5 39. Nxf5 Rg8 40. Qd5 Rb8 41. Qxc5 Bg7 42. Qc7 Ra8 43. Rf2 Ra1+ 44. Kg2 Qg6 45. Rb2 Kh8 46. Qc8+ 1-0

[Event "Berlin-ch"]
[Site "Berlin"]
[Date "2009.04.17"]
[Round "7"]
[White "Miersch, Marco"]
[Black "Eberhardt, Olaf"]
[Result "1/2-1/2"]
[WhiteElo "2118"]
[BlackElo "2099"]
[PlyCount "132"]
[EventDate "2009.04.11"]
[EventType "swiss"]
[EventRounds "9"]
[EventCountry "GER"]
[SourceTitle "CBM 129 Extra"]
[Source "ChessBase"]
[SourceDate "2009.05.05"]
[SourceVersion "2"]
[SourceVersionDate "2009.05.20"]
[SourceQuality "1"]

1. e4 g6 2. d4 Bg7 3. Nc3 d6 4. Be3 a6 5. Bd3 Nd7 6. Qd2 b5 7. Nf3 Ngf6 8. Bh6 Bxh6 9. Qxh6 e5 10. 0-0 Ng4 11. Qd2 0-0 12. h3 Ngf6 13. a4 b4 14. Ne2 exd4 15. Qh6 Nc5 16. Ng5 Ne6 17. Nxe6 fxe6 18. Nxd4 c5 19. Ne2 Qc7 20. b3 Bb7 21. Rfe1 Rae8 22. c4 e5 23. Ng3 Re7 24. f3 Ne8 25. Bc2 Ng7 26. Bd1 Ne6 27. Ra2 Nf4 28. Rd2 Re6 29. Nf1 Qe7 30. h4 Qf7 31. Qg5 Qg7 32. Ne3 h6 33. Qg3 Kh7 34. Qh2 Qe7 35. g3 Nh5 36. Qg2 Ref6 37. Ng4 R6f7 38. Re3 Bc8 39. Red3 Rd8 40. Nf2 Ng7 41. Be2 Ne6 42. Ng4 Nd4 43. Ne3 Bb7 44. Bd1 Rdf8 45. Nf1 Rf6 46. Re3 Qf7 47. Nh2 Bc8 48. Kf2 g5 49. hxg5 hxg5 50. Ke1 Rh6 51. g4 Qf4 52. Nf1 Kg7 53. Red3 Rfh8 54. Ng3 Rh2 55. Qg1 Rxd2 56. Rxd2 Kg8 57. Nh5 Nxf3+ 58. Bxf3 Qxf3 59. Rxd6 Qxe4+ 60. Kd2 Rxh5 61. gxh5 Bg4 62. Rg6+ Kf7 63. Qf2+ Bf5 64. Rxg5 Qd3+ 65. Ke1 Qb1+ 66. Ke2 Qd3+ 1/2-1/2

[Event "Berlin-ch"]
[Site "Berlin"]
[Date "2009.04.15"]
[Round "5"]
[White "Sawatzki, Joerg"]
[Black "Miersch, Marco"]
[Result "1/2-1/2"]
[WhiteElo "2231"]
[BlackElo "2118"]
[PlyCount "146"]
[EventDate "2009.04.11"]
[EventType "swiss"]
[EventRounds "9"]
[EventCountry "GER"]
[SourceTitle "CBM 129 Extra"]
[Source "ChessBase"]
[SourceDate "2009.05.05"]
[SourceVersion "2"]
[SourceVersionDate "2009.05.20"]
[SourceQuality "1"]

1. c4 e5 2. Nc3 d6 3. g3 f5 4. d4 Nf6 5. Bg2 c6 6. e3 Be7 7. Nge2 0-0 8. b3 a5 9. Bb2 Na6 10. Qd2 Bd7 11. 0-0 e4 12. d5 Nb4 13. f3 cxd5 14. cxd5 exf3 15. Bxf3 Ng4 16. Bxg4 fxg4 17. Rxf8+ Bxf8 18. Nf4 Rc8 19. Rc1 Be7 20. Ne4 Rxc1+ 21. Bxc1 Bf5 22. Nf2 Qc7 23. e4 Bd7 24. a3 Na6 25. Bb2 Bg5 26. Bd4 a4 27. b4 Bh6 28. Qb2 Qc4 29. Qc3 Qxc3 30. Bxc3 Nc7 31. Bb2 g5 32. Ne6 Bxe6 33. dxe6 Bg7 34. Bc1 h5 35. e7 Bf6 36. Kf1 Kf7 37. e5 dxe5 38. Ne4 Bxe7 39. Ke2 Ke6 40. Kd3 Nb5 41. Bb2 Nc7 42. Nc3 Kf5 43. Bc1 h4 44. Be3 Bd6 45. Bf2 hxg3 46. hxg3 Ne6 47. Nxa4 e4+ 48. Kd2 Nf4 49. Nc5 b5 50. Nb3 Ne6 51. Na1 Be5 52. Nc2 Bb2 53. Ne3+ Kg6 54. Nxg4 Bxa3 55. Kc3 Bc1 56. Kc2 e3 57. Kxc1 exf2 58. Nxf2 Kf5 59. Kd2 Nc7 60. Ke3 Ke5 61. Ng4+ Kd5 62. Kd3 Na6 63. Ne3+ Ke5 64. Nc2 Kf5 65. Ke3 Kg4 66. Kf2 Nc7 67. Nd4 Kh3 68. Kf3 Nd5 69. Nxb5 g4+ 70. Kf2 Nxb4 71. Nd4 Nd3+ 72. Ke3 Ne1 73. Nf5 Nc2+ 1/2-1/2

[Event "Oberliga Nord O 0708"]
[Site "Germany"]
[Date "2007.11.25"]
[Round "3.7"]
[White "Jahnz, Fabian"]
[Black "Miersch, Marco"]
[Result "1/2-1/2"]
[WhiteElo "2193"]
[BlackElo "2125"]
[PlyCount "121"]
[EventDate "2007.10.21"]
[EventType "team-tourn"]
[EventRounds "9"]
[EventCountry "GER"]
[SourceTitle "EXT 2009"]
[Source "ChessBase"]
[SourceDate "2008.11.26"]
[SourceVersion "1"]
[SourceVersionDate "2008.11.26"]
[SourceQuality "1"]
[WhiteTeam "Koenig Tegel II"]
[BlackTeam "Pankow Rotation"]
[WhiteTeamCountry "GER"]
[BlackTeamCountry "GER"]

1. e4 e5 2. Nf3 d6 3. Bc4 c6 4. d4 Qc7 5. 0-0 Bg4 6. c3 Nf6 7. Re1 Be7 8. Nbd2 0-0 9. Bb3 Nbd7 10. Nf1 c5 11. Ne3 b5 12. Nxg4 Nxg4 13. Bd5 Rac8 14. dxe5 dxe5 15. c4 b4 16. h3 Ngf6 17. Be3 Nb6 18. b3 Nbxd5 19. exd5 Ne4 20. Bf4 Nxf2 21. Bxe5 Nxd1 22. Bxc7 Rxc7 23. Raxd1 Bd6 24. Ng5 Rd8 25. Ne4 Kf8 26. Nxd6 Rxd6 27. Re4 Re7 28. Rde1 Rxe4 29. Rxe4 f5 30. Re5 g6 31. Kf2 Kf7 32. Kf3 Kf6 33. Re8 Ra6 34. Re2 g5 35. g3 Rd6 36. h4 h6 37. hxg5+ hxg5 38. Re8 Kf7 39. Rc8 Ra6 40. Rxc5 Rxa2 41. Rb5 a5 42. c5 Ra3 43. Kf2 Ra2+ 44. Ke3 Ra3 45. Kd4 Rxb3 46. c6 Rc3 47. Rc5 Rxc5 48. Kxc5 b3 49. c7 b2 50. c8Q b1Q 51. Qe6+ Kf8 52. Qf6+ Ke8 53. Qxg5 Qe4 54. Qg6+ Kd7 55. Qc6+ Kd8 56. Qa8+ Kd7 57. Qb7+ Kd8 58. Kd6 Qf4+ 59. Ke6 Qe4+ 60. Kf6 f4 61. Qb8+ 1/2-1/2

[Event "Oberliga Nord O 0708"]
[Site "Germany"]
[Date "2007.11.04"]
[Round "2.7"]
[White "Miersch, Marco"]
[Black "Glantz, Robert"]
[Result "1/2-1/2"]
[WhiteElo "2128"]
[BlackElo "2001"]
[PlyCount "127"]
[EventDate "2007.10.21"]
[EventType "team-tourn"]
[EventRounds "9"]
[EventCountry "GER"]
[SourceTitle "EXT 2009"]
[Source "ChessBase"]
[SourceDate "2008.11.26"]
[SourceVersion "1"]
[SourceVersionDate "2008.11.26"]
[SourceQuality "1"]
[WhiteTeam "Pankow Rotation"]
[BlackTeam "Berlin SF"]
[WhiteTeamCountry "GER"]
[BlackTeamCountry "GER"]

1. e4 c5 2. Nf3 d6 3. Bb5+ Nc6 4. 0-0 Bd7 5. Re1 a6 6. Bxc6 Bxc6 7. d4 cxd4 8. Nxd4 Nf6 9. Nxc6 bxc6 10. c4 g6 11. Nc3 Bg7 12. Qa4 0-0 13. Qxc6 Qa5 14. Qa4 Qxa4 15. Nxa4 Rac8 16. b3 Nxe4 17. Bb2 Bxb2 18. Nxb2 d5 19. cxd5 Nc3 20. Rxe7 Nxd5 21. Rd7 Nc3 22. Nc4 Rfe8 23. Nd6 Red8 24. Nxc8 Rxd7 25. a3 Nb5 26. Kf1 Rd3 27. a4 Nd4 28. b4 Rb3 29. Ne7+ Kf8 30. Nd5 Nc2 31. Rc1 Nxb4 32. Rc8+ Kg7 33. Nc7 Ra3 34. Ne8+ Kf8 35. Rb8 Rxa4 36. Nd6+ Ke7 37. Ne4 Nd5 38. Rb7+ Kf8 39. Ng5 Rf4 40. Nxh7+ Kg7 41. Ng5 Kf6 42. g3 Kxg5 43. gxf4+ Nxf4 44. Ra7 f5 45. Rxa6 Kg4 46. Ra3 g5 47. Ra5 Ng6 48. Ke2 Nh4 49. Ra3 Ng6 50. Ra7 Nf4+ 51. Ke3 Ng2+ 52. Kd4 Nh4 53. Rh7 Nf3+ 54. Ke3 Nh4 55. Rh6 Ng2+ 56. Kd4 Kf3 57. Ke5 f4 58. Rh5 Kxf2 59. Rxg5 f3 60. Ke4 Ke2 61. h3 Nh4 62. Ra5 f2 63. Ra2+ Ke1 64. Rxf2 1/2-1/2

[Event "Rostock  PSV op 03rd"]
[Site "Rostock"]
[Date "2003.08.28"]
[Round "2"]
[White "Rudolf, Henrik"]
[Black "Miersch, Marco"]
[Result "0-1"]
[WhiteElo "2316"]
[BlackElo "2106"]
[PlyCount "72"]
[EventDate "2003.08.28"]
[EventType "swiss"]
[EventRounds "7"]
[EventCountry "GER"]
[SourceTitle "EXT 2009"]
[Source "ChessBase"]
[SourceDate "2008.11.26"]
[SourceVersion "1"]
[SourceVersionDate "2008.11.26"]
[SourceQuality "1"]

1. e4 c5 2. Nf3 d6 3. d4 cxd4 4. Nxd4 Nf6 5. Nc3 a6 6. Bg5 e6 7. f4 Be7 8. Qf3 Qc7 9. 0-0-0 0-0 10. g4 b5 11. Bd3 Nbd7 12. e5 dxe5 13. Nc6 Bc5 14. Bxf6 Nxf6 15. fxe5 Nd7 16. Ne4 Bb7 17. Qh3 h6 18. b4 Bxc6 19. bxc5 Nxe5 20. Rhe1 Nxd3+ 21. Rxd3 Bxe4 22. Rxe4 Qxc5 23. Red4 Rad8 24. Qe3 Rxd4 25. Qxd4 Qxd4 26. Rxd4 f5 27. gxf5 exf5 28. Kd2 Rf6 29. Ke3 Kf7 30. Rd7+ Kg6 31. Kf4 Re6 32. Rd2 Re4+ 33. Kf3 Kg5 34. Rg2+ Kf6 35. Rd2 g5 36. Rd6+ Re6 0-1

[Event "Dresden ZMD op"]
[Site "Dresden"]
[Date "2003.07.29"]
[Round "5"]
[White "Miersch, Marco"]
[Black "Berry, Stephen"]
[Result "0-1"]
[WhiteElo "2106"]
[BlackElo "2335"]
[PlyCount "84"]
[EventDate "2003.07.25"]
[EventType "swiss"]
[EventRounds "9"]
[EventCountry "GER"]
[SourceTitle "EXT 2004"]
[Source "ChessBase"]
[SourceDate "2003.11.25"]
[SourceVersion "1"]
[SourceVersionDate "2003.11.25"]
[SourceQuality "1"]

1. e4 e5 2. Nf3 Nc6 3. Bb5 a6 4. Ba4 d6 5. c3 Bd7 6. 0-0 Nf6 7. d4 Qe7 8. Nbd2 g6 9. Re1 Bg7 10. d5 Nb8 11. Bc2 a5 12. a4 0-0 13. b4 Nh5 14. bxa5 Rxa5 15. Ba3 Ra8 16. c4 b6 17. Nb1 Nf4 18. Nc3 Na6 19. Ra2 g5 20. Nd2 g4 21. Nf1 Kh8 22. a5 bxa5 23. Ba4 Nb4 24. Bxb4 axb4 25. Bxd7 Qxd7 26. Rxa8 Rxa8 27. Nb5 h5 28. Ne3 Bf6 29. Nf5 Rg8 30. Re3 Rg5 31. Rb3 Rxf5 32. exf5 Qxf5 33. Nxc7 Qe4 34. Qf1 Ne2+ 35. Kh1 Qxc4 36. Rb1 b3 37. Ne8 Be7 38. h3 gxh3 39. gxh3 Qe4+ 40. Kh2 Bg5 41. Rxb3 Bf4+ 42. Rg3 h4 0-1

[Event "Dresden ZMD op"]
[Site "Dresden"]
[Date "2003.07.25"]
[Round "1"]
[White "Miersch, Marco"]
[Black "Happel, Henk"]
[Result "1-0"]
[WhiteElo "2106"]
[BlackElo "2250"]
[PlyCount "57"]
[EventDate "2003.07.25"]
[EventType "swiss"]
[EventRounds "9"]
[EventCountry "GER"]
[SourceTitle "EXT 2004"]
[Source "ChessBase"]
[SourceDate "2003.11.25"]
[SourceVersion "1"]
[SourceVersionDate "2003.11.25"]
[SourceQuality "1"]

1. e4 e6 2. d3 d5 3. Nd2 c5 4. Ngf3 Nf6 5. g3 Nc6 6. Bg2 Be7 7. 0-0 Qc7 8. Re1 b6 9. e5 Nd7 10. Qe2 Bb7 11. c3 g5 12. h3 h5 13. Nf1 g4 14. hxg4 hxg4 15. N3h2 Qxe5 16. Qd1 Qh5 17. Nxg4 0-0-0 18. Bf4 Rdg8 19. Ngh2 e5 20. g4 Qg6 21. Bg3 Nf6 22. Ne3 d4 23. Nf5 Bf8 24. cxd4 Nxd4 25. Nxd4 Bxg2 26. Kxg2 exd4 27. Qf3 Rxh2+ 28. Kg1 Bd6 29. Qc6+ 1-0

[Event "Werther Schloss op-A 9th"]
[Site "Werther"]
[Date "2003.04.11"]
[Round "1"]
[White "Seger, Ruediger"]
[Black "Miersch, Marco"]
[Result "1-0"]
[WhiteElo "2456"]
[BlackElo "2108"]
[PlyCount "65"]
[EventDate "2003.04.11"]
[EventType "swiss"]
[EventRounds "5"]
[EventCountry "GER"]
[SourceTitle "CBM 093 Extra"]
[Source "ChessBase"]
[SourceDate "2003.05.09"]
[SourceVersion "1"]
[SourceVersionDate "2003.05.09"]
[SourceQuality "1"]

1. e4 c5 2. c3 e6 3. d4 cxd4 4. cxd4 Nf6 5. e5 Nd5 6. Nf3 Bb4+ 7. Bd2 0-0 8. Nc3 Nxc3 9. bxc3 Be7 10. Bd3 Nc6 11. h4 h6 12. Qe2 d5 13. Bc2 f5 14. exf6 Bxf6 15. Qd3 e5 16. Qh7+ Kf7 17. Bxh6 Rh8 18. Qg6+ Kf8 19. Bg5 e4 20. Bxf6 gxf6 21. Nd2 Rg8 22. Qh6+ Kf7 23. Kf1 Be6 24. Re1 Qd6 25. Qh5+ Kf8 26. Bb3 Rd8 27. Re3 Qf4 28. g3 Qd6 29. Rg1 Bg4 30. Qh6+ Rg7 31. Nxe4 dxe4 32. Qh8+ Ke7 33. Qxg7+ 1-0

[Event "Berlin tt 0001"]
[Site "Berlin"]
[Date "2000.12.03"]
[Round "3.4"]
[White "Miersch, Marco"]
[Black "Nguyen Luu, Truong Son"]
[Result "1-0"]
[WhiteElo "2113"]
[BlackElo "2035"]
[PlyCount "93"]
[EventDate "2000.10.22"]
[EventType "team"]
[EventRounds "11"]
[EventCountry "GER"]
[SourceTitle "EXT 2007"]
[Source "ChessBase"]
[SourceDate "2006.11.23"]
[SourceVersion "1"]
[SourceVersionDate "2006.11.23"]
[SourceQuality "1"]

1. e4 c5 2. Nf3 d6 3. d4 cxd4 4. Nxd4 Nf6 5. Nc3 g6 6. Be3 Bg7 7. f3 Nc6 8. Qd2 Bd7 9. 0-0-0 Rc8 10. Nxc6 bxc6 11. Bh6 0-0 12. Bc4 Rb8 13. h4 Qb6 14. b3 Qb4 15. Bxg7 Kxg7 16. h5 Qa3+ 17. Kb1 Qc5 18. hxg6 fxg6 19. Qh6+ Kh8 20. e5 Nh5 21. Bd3 Bf5 22. g4 Bxd3 23. Rxd3 Qxe5 24. gxh5 g5 25. Rg1 Rg8 26. Ne4 g4 27. Qe3 gxf3 28. Rf1 Rbf8 29. h6 c5 30. Nd2 Rf6 31. Rxf3 Qxe3 32. Rdxe3 Rxh6 33. Rxe7 d5 34. Rf5 c4 35. Kb2 Rh3 36. Rc7 cxb3 37. axb3 Rd8 38. Nf3 h6 39. Ne5 Kg8 40. Rff7 Rg3 41. Rxa7 Rc8 42. Rfd7 h5 43. Nc6 Re8 44. Rxd5 Rf3 45. Rxh5 Rfe3 46. Nd4 Rb8 47. Nf5 1-0

[Event "Hessen-ch int 1st"]
[Site "Willingen"]
[Date "1999.07.13"]
[Round "8"]
[White "Kersten, Uwe"]
[Black "Miersch, Marco"]
[Result "0-1"]
[WhiteElo "2366"]
[BlackElo "2116"]
[PlyCount "50"]
[EventDate "1999.07.??"]
[EventType "swiss"]
[EventRounds "9"]
[EventCountry "GER"]
[SourceTitle "EXT 2001"]
[Source "ChessBase"]
[SourceDate "2000.11.22"]
[SourceVersion "1"]
[SourceVersionDate "2000.11.22"]
[SourceQuality "1"]

1. e4 c5 2. Nf3 d6 3. d4 cxd4 4. Nxd4 Nf6 5. Nc3 a6 6. Bc4 e6 7. Bb3 Be7 8. f4 0-0 9. f5 exf5 10. Nxf5 Nxe4 11. Nh6+ gxh6 12. Nxe4 Bh4+ 13. Kf1 Qe7 14. Qf3 Nc6 15. Bxh6 Re8 16. g3 Bh3+ 17. Kf2 Ne5 18. gxh4 Qxh4+ 19. Qg3+ Ng4+ 20. Kf3 Qxh6 21. Rae1 Kh8 22. Qxd6 Ne5+ 23. Ke2 Bg4+ 24. Kf2 Qf4+ 25. Kg1 Be6 0-1

[Event "Hessen-ch int 1st"]
[Site "Willingen"]
[Date "1999.07.09"]
[Round "4"]
[White "Majer, Damir"]
[Black "Miersch, Marco"]
[Result "1-0"]
[WhiteElo "2249"]
[BlackElo "2116"]
[PlyCount "91"]
[EventDate "1999.07.??"]
[EventType "swiss"]
[EventRounds "9"]
[EventCountry "GER"]
[SourceTitle "EXT 2001"]
[Source "ChessBase"]
[SourceDate "2000.11.22"]
[SourceVersion "1"]
[SourceVersionDate "2000.11.22"]
[SourceQuality "1"]

1. e4 c5 2. Nf3 Nc6 3. Bb5 e6 4. 0-0 Nge7 5. Nc3 a6 6. Bxc6 Nxc6 7. d4 cxd4 8. Nxd4 d6 9. Nxc6 bxc6 10. Qg4 e5 11. Qg3 h5 12. f4 h4 13. Qf2 exf4 14. Bxf4 Be6 15. Rad1 g5 16. Bxd6 Bxd6 17. e5 Bxe5 18. Rxd8+ Rxd8 19. Qe2 Bd4+ 20. Kh1 h3 21. Ne4 hxg2+ 22. Qxg2 g4 23. Qe2 Kf8 24. c4 Re8 25. Qd3 c5 26. Ng5 g3 27. h3 Rxh3+ 28. Nxh3 Bxh3 29. Rxf7+ Kxf7 30. Qh7+ Kf6 31. Qxh3 Re1+ 32. Kg2 Bf2 33. Qh6+ Ke5 34. Qxa6 Kd4 35. a4 Ke4 36. Qe6+ Kf4 37. Qf6+ Ke4 38. Qf3+ Kd4 39. Qf4+ Kd3 40. a5 Rg1+ 41. Kf3 Ra1 42. Qe4+ Kd2 43. Qe2+ Kc1 44. Qf1+ Kxb2 45. Qxa1+ Kxa1 46. a6 1-0

[Event "Berliner Sommer 13th"]
[Site "Berlin"]
[Date "1995.??.??"]
[Round "8"]
[White "Ganbold, Odondoo"]
[Black "Miersch, Marco"]
[Result "1-0"]
[WhiteElo "2285"]
[BlackElo "2095"]
[PlyCount "65"]
[EventDate "1995.08.??"]
[EventType "swiss"]
[EventRounds "9"]
[EventCountry "GER"]
[SourceTitle "CBM 047 Extra"]
[Source "ChessBase"]
[SourceDate "1995.09.01"]
[SourceVersion "1"]
[SourceVersionDate "1995.09.01"]
[SourceQuality "1"]

1. e4 c5 2. Nf3 Nc6 3. d4 cxd4 4. Nxd4 Nf6 5. Nc3 d6 6. Bc4 e6 7. Be3 Be7 8. Qe2 0-0 9. 0-0-0 a6 10. g4 Nxd4 11. Bxd4 b5 12. Bb3 Qc7 13. g5 Nd7 14. h4 Nc5 15. Kb1 Bd7 16. e5 Nxb3 17. cxb3 dxe5 18. Bxe5 Qb7 19. Bd4 f6 20. gxf6 gxf6 21. Rhg1+ Kh8 22. f4 a5 23. Qh5 b4 24. Ne2 a4 25. bxa4 Qe4+ 26. Ka1 Rxa4 27. Nc1 e5 28. Qh6 Rf7 29. Bxe5 fxe5 30. Rxd7 Qxf4 31. Qc6 b3 32. Rxe7 Rc4 33. Qxc4 1-0

[Event "BL2-Nord 9495"]
[Site "Germany"]
[Date "1995.??.??"]
[Round "9.6"]
[White "Zieher, Hartmut"]
[Black "Miersch, Marco"]
[Result "1-0"]
[WhiteElo "2220"]
[BlackElo "2105"]
[PlyCount "79"]
[EventDate "1994.10.??"]
[EventType "team-tourn"]
[EventRounds "9"]
[EventCountry "GER"]
[SourceTitle "GER-chT2"]
[Source "ChessBase"]
[SourceDate "1999.07.01"]
[SourceVersion "1"]
[SourceVersionDate "1999.07.01"]
[SourceQuality "1"]
[WhiteTeam "Hamburger SK II"]
[BlackTeam "Berlin Rotation"]
[WhiteTeamCountry "GER"]
[BlackTeamCountry "GER"]

1. e4 e5 2. Nf3 Nc6 3. Bb5 a6 4. Ba4 Nf6 5. 0-0 Bc5 6. c3 b5 7. Bc2 Bb6 8. d4 d6 9. Be3 0-0 10. Nbd2 Ng4 11. Bg5 f6 12. Bh4 exd4 13. Bb3+ Kh8 14. Bd5 Bd7 15. Nxd4 Bxd4 16. cxd4 Nh6 17. Rc1 Qe8 18. Bxc6 Bxc6 19. d5 Bd7 20. Rxc7 f5 21. Re1 f4 22. Nf3 Nf7 23. Qd4 Ne5 24. Nxe5 dxe5 25. Qc5 Qh5 26. Rxd7 Qxh4 27. Qe7 Qg4 28. f3 Qg6 29. Qxe5 Rac8 30. Rd6 Qf7 31. Rc6 Qa7+ 32. Kf1 Rxc6 33. dxc6 Qb6 34. Rc1 h6 35. c7 Rc8 36. Qxf4 Qd4 37. b3 Qd3+ 38. Kg1 b4 39. h3 a5 40. Kh2 1-0